000 00734nam a22002177i 4500
999 _c22974
_d22974
003 AR-CdUCM
008 240809b20172017 pe||||| |||| 00| 0 spa d
020 _a978-612-324-003-5
040 _aMUNICIPALIDAD PROVINCIAL DEL CUSCO
_cBIBLIOTECA MUNICIPAL DEL CUSCO
082 _aEP / 376.36 / P23T
_bP23T
100 _aPando Merino, Edgardo.
_950157
245 _a¡Trabajemos en equipo! /
260 _aLima :
_bEdiciones COREFO S.A.C.,
_c2017.
300 _a15 páginas. :
_bIlustraciones a color,
_c28 cm.
650 _aCuento
_94671
650 _aTexto infantil
_929090
650 _aRazonamiento verbal
_950162
700 _aMedina Estremadoyro, Jafet Anselm [Ilustrador]
_950158
942 _2ddc
_cLIBROS
945 _apbj
_d2024-08-09